Loading...

Essays on Renaissance Literature Vol-1

Bibliographic Details
Main Author: William Empson
Other Authors: John Haffenden (Ed.)
Format: Printed Book
Published: Cambridge; Cambridge university press; 1993
Edition:1st
Subjects:
LEADER 00600nam a22001697a 4500
020 |a 0-521-48360-3 
082 |a 824  |b WIL/E N3 
100 |a William Empson  |9 300896 
245 |a Essays on Renaissance Literature Vol-1 
250 |a 1st 
260 |a Cambridge;  |b Cambridge university press;  |c 1993 
300 |a xvi;296p. 
650 |a  English Literature Studies  |9 238384 
700 |a John Haffenden (Ed.)  |9 157284 
942 |c BK 
999 |c 60680  |d 60680 
952 |0 0  |1 0  |4 0  |6 824_000000000000000_WIL_E_N3  |7 0  |8 EnglLS  |9 72928  |a MAL  |b MAL  |d 2016-09-08  |e 41730  |g 12.95  |l 0  |o 824 WIL/E N3  |p MAL041730  |r 2016-09-08  |t 1  |w 2016-09-08  |y BK